Statistics for UEFA European Championship Winners

Click here to take the quiz!

General Stats

  • This quiz has been taken 53,402 times
    (21,049 since last reset)
  • The average score is 11 of 16

Answer Stats

YearChampionRunner-Up% Correct
2020ItalyEngland
99%
2016PortugalFrance
95%
2012SpainItaly
94%
2008SpainGermany
88%
2000FranceItaly
81%
2004GreecePortugal
79%
1996GermanyCzech Republic
78%
1992DenmarkGermany
62%
1980GermanyBelgium
60%
1984FranceSpain
59%
1988NetherlandsSoviet Union
56%
1968ItalyYugoslavia
54%
1972GermanySoviet Union
53%
1960Soviet UnionYugoslavia
47%
1964SpainSoviet Union
47%
1976CzechoslovakiaGermany
33%

Score Distribution

Percentile by Number Answered

Percent of People with Each Score

Your Score History

You have not taken this quiz since the last reset